BRICS-maat -Äkkikuolema - Statistics

Yleistilastot
  • Tätä visaa on pelattu 233 kertaa
  • Keskiarvotulos 3 / 9
Answers on the Grid
Answers color-coded by a green-red scale on the quiz's grid according to % correct below.
Venäjä
Ukraina
Etiopia
Kiina
Turkki
Brasilia
Saudi-Arabia
Israel
Intia
Yhdistyneet Arabiemiirikunnat
Iran
Irak
Etelä-Afrikka
Pakistan
Egypti
Libya
Argentiina
 
Vastaustilastot
Vastaus % Oikein
Venäjä
93%
Kiina
60%
Brasilia
55%
Intia
44%
Etelä-Afrikka
34%
Iran
20%
Egypti
13%
Etiopia
12%
Yhdistyneet Arabiemiirikunnat
12%
Ehtoja vastaavia visoja ei löytynyt
Tulosjakauma
Jokaisen tuloksen saaneiden osuus
Persentiili vastausten määrän mukaan
Tuloshistoriasi
Et ole pelannut tätä visaa